000
00331nam a22001457a 4500
003
SGT
082
_a
152, E07S
100
_a
SHARMA, R A
245
_a
ESSENTIALS OF SCIENTIFIC BEHAVIORAL RESEARCH
250
_a
1ST
260
_a
U.P
_b
LALL BOOK DEPT.
_c
2077
300
_a
824
650
_a
SOCIAL PSYCHOLOGY
942
_2
ddc
_c
BK
_0
2
999
_c
9088
_d
9088